Państwa z największą liczbą skoczni narciarskich. - Statystyki

Ogólne statystyki
  • Ten quiz został rozwiązany 276 razy
  • Średni wynik to 13 z 15
Statystyki odpowiedzi
Liczba skoczni narciarskich Państwo % Poprawnych
258 Polska
99%
669 Niemcy
97%
1348 Norwegia
96%
341 Finlandia
92%
204 Austria
90%
91 Rosja
90%
296 Stany Zjednoczone
88%
224 Czechy
87%
102 Japonia
85%
167 Szwecja
85%
155 Słowenia
83%
74 Francja
80%
70 Kanada
80%
124 Szwajcaria
79%
60 Słowacja
73%
Nie znaleziono quizów pasujących do podanych kryteriów
Rozkład punktacji
Procent ludzi z każdym wynikiem
Percentyl według liczby udzielonych odpowiedzi
Twoja historia wyników
Nie rozwiązałeś tego quizu